000 00675nam a2200217Ia 4500
001 15207
003 GE_BSU
008 181216s||||||||xx |||||||||||||| ||und||
040 _cGE_BSU
080 _a821.353.1-311.6
100 _aშერვაშიძე,ამირან
245 _aბაგრატიონი:პეტრე
245 _bისტ.რომანი
245 _cრედ:ლ.ბეჟანიძე;მხატვ:თ.დიასამიძე
260 _aბათუმი.
260 _bსაბჭოთა აჭარა
260 _c1983
300 _a142გვ;21სმ.
653 _aრომანი
942 _cBK
999 _c48319
_d48319